000 02344cam a2200385 a 4500
001 16977608
003 SISC
005 20170116160742.0
008 110926s2011 enk b 001 0 eng
010 _a 2011040444
020 _a9780230292673 (alk. paper)
020 _a0230292674 (alk. paper)
040 _aDLC
_cDLC
_dDLC
042 _apcc
050 0 0 _aHB 3722
_b.B43 2011
082 0 0 _a332.1/52
084 _aBUS027000
_aBUS045000
_aBUS069020
_aPOL023000
_2bisacsh
100 1 _aBeaufort Wijnholds, J. A. H. de.
245 1 0 _aFighting financial fires :
_ban IMF insider account /
_cOnno de Beaufort Wijnholds.
260 _aHoundmills, Basingstoke, Hampshire ;
_aNew York, NY :
_bPalgrave Macmillan,
_c2011.
300 _axi, 211 pages ;
_c25 cm.
500 _aIncludes bibliographical references and index.
505 8 _aMachine generated contents note: -- Prologue -- Tequila and Tesobonos: Mexico 1994-95 -- From Miracle to Panic and Back: Asia 1997-98 -- Korea's Christmas Crisis -- Indonesia with Nukes: Russia 1998 -- Double Bailout for Brazil -- The IMF Fails: The Argentine Drama -- Turkey Stumbles -- Lessons Learned, Not Learned and Ignored -- A Global Firestorm -- Europe's Turn -- Saving the System -- Epilogue.
520 _a"A topical insider view of causes and consequences of financial crises since the Mexican collapse of 1995. The book includes a detailed exploration of recent and ongoing firestorms, including the near meltdown of the global financial system and the euro crisis, and suggests ways to save the international financial and monetary system"--
610 2 0 _aInternational Monetary Fund.
650 0 _aFinancial crises
_xHistory.
650 7 _aBUSINESS & ECONOMICS / Finance.
_2bisacsh
650 7 _aBUSINESS & ECONOMICS / Money & Monetary Policy.
_2bisacsh
650 7 _aBUSINESS & ECONOMICS / International / Economics.
_2bisacsh
650 7 _aPOLITICAL SCIENCE / Economic Conditions.
_2bisacsh
856 4 2 _3Cover image
_uhttp://www.netread.com/jcusers2/bk1388/673/9780230292673/image/lgcover.9780230292673.jpg
906 _a7
_bcbc
_corignew
_d1
_eecip
_f20
_gy-gencatlg
942 _2lcc
_cBK
_kFOR
999 _c275405
_d275405